[Event "Southwest op U1600 65th"]
[Site "Houston"]
[Date "1999.09.04"]
[Round "1"]
[White "Olvera, Tony"]
[Black "Lewkowski, Benjamin"]
[Result "1-0"]
[WhiteElo "1424"]
[BlackElo "1056"]
[PlyCount "41"]
[EventDate "1999.09.04"]
[EventType "swiss"]
[EventRounds "6"]
[EventCountry "USA"]
[SourceTitle "EXT 2001"]
[Source "ChessBase"]
[SourceDate "2000.11.22"]
[SourceVersion "1"]
[SourceVersionDate "2000.11.22"]
[SourceQuality "1"]

1. e4 e5 2. f4 f6 3. Nf3 Nc6 4. Bc4 Bc5 5. c3 exf4 6. d4 Bb6 7. 0-0 Nge7 8. Bxf4 d5 9. exd5 Nxd5 10. Re1+ Nde7 11. Kh1 Na5 12. Be6 Bxe6 13. Rxe6 0-0 14. Nh4 g5 15. Qg4 Rf7 16. Be3 Rg7 17. Nf5 Nxf5 18. Qxf5 Rf7 19. Nd2 Qf8 20. Ne4 Re8 21. Rxe8 1-0